000 00321nam a22001097a 4500
999 _c15147
_d15147
008 200305b ||||| |||| 00| 0 eng d
245 _aBaby pawikans back to sea.
260 _aDavao City, Philippines;
_bSunstar Davao,
_c©2019.
300 _apage 11;
_c29.5cm.
650 _aBiological Diversity.
_941898
942 _2ddc
_cPER